[Event "Chigorin Memorial-B 10th"]
[Site "St Petersburg"]
[Date "2002.11.02"]
[Round "8"]
[White "Ivanov, Alexey2222"]
[Black "Zhuravlev, Vladimir"]
[Result "1/2-1/2"]
[WhiteElo "2212"]
[BlackElo "2395"]
[PlyCount "61"]
[EventDate "2002.10.25"]
[EventType "swiss"]
[EventRounds "9"]
[EventCountry "RUS"]
[SourceTitle "EXT 2003"]
[Source "ChessBase"]
[SourceDate "2002.11.25"]
[SourceVersion "1"]
[SourceVersionDate "2002.11.25"]
[SourceQuality "1"]

1. e4 e6 2. d4 d5 3. Nd2 Nf6 4. e5 Nfd7 5. c3 c5 6. Bd3 Nc6 7. Ne2 cxd4 8. cxd4 f6 9. exf6 Nxf6 10. 0-0 Bd6 11. Nf3 Qc7 12. Nc3 a6 13. Bg5 0-0 14. Bh4 Bd7 15. Bg3 Rae8 16. Rc1 Bf4 17. Ne2 Bxg3 18. hxg3 Qd6 19. Nf4 e5 20. dxe5 Nxe5 21. Nxe5 Rxe5 22. Qb3 g5 23. Nh3 Rf7 24. f4 gxf4 25. gxf4 Re8 26. Ng5 Rg7 27. Qa3 Qxa3 28. bxa3 Bc6 29. Rfe1 Ne4 30. Nxe4 dxe4 31. Bxa6 1/2-1/2

[Event "Chigorin Memorial-B 10th"]
[Site "St Petersburg"]
[Date "2002.11.01"]
[Round "7"]
[White "Zhuravlev, Vladimir"]
[Black "Slizhevsky, Alexander"]
[Result "1/2-1/2"]
[WhiteElo "2395"]
[BlackElo "2323"]
[PlyCount "134"]
[EventDate "2002.10.25"]
[EventType "swiss"]
[EventRounds "9"]
[EventCountry "RUS"]
[SourceTitle "EXT 2003"]
[Source "ChessBase"]
[SourceDate "2002.11.25"]
[SourceVersion "1"]
[SourceVersionDate "2002.11.25"]
[SourceQuality "1"]

1. d4 Nf6 2. Bg5 Ne4 3. Bf4 c5 4. f3 Qa5+ 5. c3 Nf6 6. Nd2 cxd4 7. Nb3 Qb6 8. Qxd4 Nc6 9. Qxb6 axb6 10. a3 d5 11. Nd4 e5 12. Nxc6 exf4 13. Nd4 Bd6 14. Kf2 0-0 15. g3 Nh5 16. gxf4 Bxf4 17. e3 Bh6 18. Bd3 f5 19. Nge2 g6 20. f4 Nf6 21. h3 Bd7 22. Rhg1 Kh8 23. Rac1 Rae8 24. Rce1 Re7 25. Nc1 Bc8 26. Bb1 Bg7 27. Bc2 Bd7 28. Nce2 Nh5 29. Nf3 Nf6 30. Nfd4 Bc8 31. Bd3 Nd7 32. Bc2 Nc5 33. Ng3 Bf6 34. Rgf1 Rfe8 35. Re2 Bd7 36. Ree1 Bh4 37. Rg1 Ba4 38. Bb1 Bd7 39. Nf3 Bf6 40. Nd4 Bxd4 41. cxd4 Na4 42. b3 Nc3 43. Bd3 Bb5 44. Ne2 Nxe2 45. Bxe2 Bxe2 46. Rxe2 Rc7 47. a4 Rc3 48. Rb1 Kg7 49. Rbb2 Kf6 50. h4 Re6 51. b4 Re8 52. Ra2 Re6 53. Rab2 Rec6 54. Ra2 Rb3 55. Rab2 Rxb2 56. Rxb2 Rc1 57. a5 b5 58. Ra2 Rc6 59. Kf3 Ke7 60. Ra1 Kf8 61. Rh1 h5 62. Rg1 Ke7 63. Rg2 Kf7 64. Ra2 Rc4 65. Rb2 Rc1 66. Kg3 Rg1+ 67. Kf3 Re1 1/2-1/2

[Event "Cherepovets"]
[Site "Cherepovets"]
[Date "2002.??.??"]
[Round "?"]
[White "Kuprijanov, Ilija"]
[Black "Zhuravlev, Vladimir"]
[Result "1/2-1/2"]
[WhiteElo "2404"]
[BlackElo "2395"]
[PlyCount "39"]
[EventDate "2002.02.??"]
[EventType "tourn"]
[EventRounds "14"]
[EventCountry "RUS"]
[EventCategory "6"]
[SourceTitle "EXT 2003"]
[Source "ChessBase"]
[SourceDate "2002.11.25"]
[SourceVersion "1"]
[SourceVersionDate "2002.11.25"]
[SourceQuality "1"]

1. d4 Nf6 2. c4 g6 3. Nc3 Bg7 4. e4 d6 5. h3 0-0 6. Be3 e5 7. d5 Nbd7 8. Bd3 c6 9. Nge2 cxd5 10. cxd5 Nc5 11. Bc2 a5 12. a3 Bd7 13. b4 Na6 14. Rb1 axb4 15. axb4 Nh5 16. 0-0 Nf4 17. Na4 Bb5 18. Nac3 Bd7 19. Na4 Bb5 20. Nac3 1/2-1/2

[Event "Cherepovets"]
[Site "Cherepovets"]
[Date "2002.??.??"]
[Round "?"]
[White "Popov, Valerij"]
[Black "Zhuravlev, Vladimir"]
[Result "1/2-1/2"]
[WhiteElo "2579"]
[BlackElo "2395"]
[PlyCount "82"]
[EventDate "2002.02.??"]
[EventType "tourn"]
[EventRounds "14"]
[EventCountry "RUS"]
[EventCategory "6"]
[SourceTitle "EXT 2003"]
[Source "ChessBase"]
[SourceDate "2002.11.25"]
[SourceVersion "1"]
[SourceVersionDate "2002.11.25"]
[SourceQuality "1"]

1. Nf3 Nf6 2. c4 g6 3. Nc3 Bg7 4. d4 0-0 5. e4 d6 6. Be2 e5 7. 0-0 Nc6 8. d5 Ne7 9. a4 a5 10. Ne1 Nd7 11. Nd3 f5 12. f3 f4 13. b3 g5 14. Ba3 h5 15. c5 Nf6 16. Nb5 Ne8 17. Rc1 Ng6 18. Rc3 Rf7 19. Nf2 Bf8 20. Qc2 Bd7 21. h3 dxc5 22. Bxc5 Bxc5 23. Rxc5 b6 24. Rc3 Bxb5 25. Bxb5 Nd6 26. Rc1 Ra7 27. Kf1 Re7 28. Rc6 Nf8 29. Qc3 Ng6 30. Rc2 Rh7 31. Kg1 Rg7 32. b4 axb4 33. Qxb4 Qe7 34. Qb3 Nh4 35. Be2 Kh8 36. Bd1 Qf8 37. Qb2 Qe7 38. Qc3 Ng6 39. Rc1 Nf8 40. Kf1 Nh7 41. Ke1 Nf6 1/2-1/2

[Event "Cherepovets"]
[Site "Cherepovets"]
[Date "2002.??.??"]
[Round "?"]
[White "Sargsjan, Vardges"]
[Black "Zhuravlev, Vladimir"]
[Result "1-0"]
[WhiteElo "2337"]
[BlackElo "2395"]
[PlyCount "73"]
[EventDate "2002.02.??"]
[EventType "tourn"]
[EventRounds "14"]
[EventCountry "RUS"]
[EventCategory "6"]
[SourceTitle "EXT 2003"]
[Source "ChessBase"]
[SourceDate "2002.11.25"]
[SourceVersion "1"]
[SourceVersionDate "2002.11.25"]
[SourceQuality "1"]

1. c4 c5 2. g3 e5 3. Bg2 f5 4. d3 Nf6 5. Nc3 Nc6 6. a3 g6 7. Nf3 Bg7 8. Rb1 a5 9. 0-0 0-0 10. Bg5 h6 11. Bxf6 Bxf6 12. Nd5 a4 13. b3 axb3 14. Qxb3 Qa5 15. Qb6 d6 16. Qc7 Qxc7 17. Nxc7 Rxa3 18. Nb5 Ra2 19. Nxd6 Nb4 20. Rfd1 Rxe2 21. Nd2 Bg5 22. Nb3 Be7 23. Nxc8 Rxc8 24. Bxb7 Rd8 25. Na5 Rd6 26. Bf3 Ra2 27. Nb3 Rd7 28. h4 Kg7 29. Ra1 Rxa1 30. Nxa1 Rxd3 31. Rxd3 Nxd3 32. Nb3 Nb4 33. Kf1 Nc2 34. Bd1 Nd4 35. Ke1 Kf6 36. Kd2 e4 37. f3 1-0

[Event "Cherepovets"]
[Site "Cherepovets"]
[Date "2002.??.??"]
[Round "?"]
[White "Zhuravlev, Vladimir"]
[Black "Savon, Vladimir A"]
[Result "1-0"]
[WhiteElo "2395"]
[BlackElo "2421"]
[PlyCount "45"]
[EventDate "2002.02.??"]
[EventType "tourn"]
[EventRounds "14"]
[EventCountry "RUS"]
[EventCategory "6"]
[SourceTitle "EXT 2003"]
[Source "ChessBase"]
[SourceDate "2002.11.25"]
[SourceVersion "1"]
[SourceVersionDate "2002.11.25"]
[SourceQuality "1"]

1. e4 c5 2. c4 d6 3. g3 Nc6 4. Bg2 g6 5. Ne2 Bg7 6. Nbc3 e6 7. 0-0 Nge7 8. d3 0-0 9. Be3 Nd4 10. f4 Rb8 11. Rb1 Nec6 12. Kh1 Bd7 13. a3 a6 14. b4 cxb4 15. axb4 b5 16. cxb5 Nxb5 17. Nxb5 Rxb5 18. Qa4 Qb8 19. Rfc1 Rc8 20. Qxa6 Nxb4 21. Rxc8+ Qxc8 22. Qxc8+ Bxc8 23. Bd2 1-0

[Event "Cherepovets"]
[Site "Cherepovets"]
[Date "1997.??.??"]
[Round "8"]
[White "Ditiatev, Sergey"]
[Black "Zhuravlev, Vladimir"]
[Result "0-1"]
[WhiteElo "2465"]
[BlackElo "2350"]
[PlyCount "40"]
[EventDate "1997.??.??"]
[EventType "tourn"]
[EventRounds "11"]
[EventCountry "RUS"]
[SourceTitle "EXT 1999"]
[Source "ChessBase"]
[SourceDate "1998.11.16"]
[SourceVersion "1"]
[SourceVersionDate "1998.11.16"]
[SourceQuality "1"]

1. d4 d5 2. c4 c6 3. Nf3 Nf6 4. Nc3 e6 5. Bg5 dxc4 6. e3 b5 7. a4 Bb4 8. Ne5 Bb7 9. Be2 Nbd7 10. 0-0 a6 11. Ne4 Be7 12. Nxd7 Qxd7 13. Nxf6+ gxf6 14. Bf4 c5 15. dxc5 Bxc5 16. Qxd7+ Kxd7 17. axb5 axb5 18. b3 e5 19. Bh6 Rhg8 20. Rxa8 Rxg2+ 0-1

[Event "Cherepovets"]
[Site "Cherepovets"]
[Date "1997.??.??"]
[Round "10"]
[White "Komliakov, Viktor"]
[Black "Zhuravlev, Vladimir"]
[Result "1/2-1/2"]
[WhiteElo "2460"]
[BlackElo "2350"]
[PlyCount "30"]
[EventDate "1997.??.??"]
[EventType "tourn"]
[EventRounds "11"]
[EventCountry "RUS"]
[SourceTitle "EXT 1999"]
[Source "ChessBase"]
[SourceDate "1998.11.16"]
[SourceVersion "1"]
[SourceVersionDate "1998.11.16"]
[SourceQuality "1"]

1. d4 Nf6 2. c4 d6 3. Nc3 Nbd7 4. e4 e5 5. Nf3 Be7 6. Be2 0-0 7. 0-0 c6 8. Re1 Qc7 9. Bf1 Re8 10. Rb1 a5 11. d5 Nc5 12. b3 Bf8 13. Nd2 g6 14. a3 Ncd7 15. Bb2 c5 1/2-1/2

[Event "Cherepovets"]
[Site "Cherepovets"]
[Date "1997.??.??"]
[Round "9"]
[White "Zhuravlev, Vladimir"]
[Black "Kovalev, Andrei"]
[Result "1-0"]
[WhiteElo "2350"]
[BlackElo "2405"]
[PlyCount "71"]
[EventDate "1997.??.??"]
[EventType "tourn"]
[EventRounds "11"]
[EventCountry "RUS"]
[SourceTitle "EXT 1999"]
[Source "ChessBase"]
[SourceDate "1998.11.16"]
[SourceVersion "1"]
[SourceVersionDate "1998.11.16"]
[SourceQuality "1"]

1. Nf3 g6 2. g3 Bg7 3. Bg2 e5 4. 0-0 d5 5. d3 Ne7 6. Nbd2 0-0 7. c4 Nbc6 8. Re1 h6 9. cxd5 Nxd5 10. Nc4 Be6 11. Bd2 Re8 12. Rc1 Qd7 13. a3 a5 14. b3 Bh3 15. Bh1 b6 16. Nh4 Rad8 17. Ng2 Nd4 18. Nge3 Ne7 19. a4 Be6 20. Rb1 Nec6 21. Qc1 f5 22. Nf1 e4 23. dxe4 fxe4 24. Bxh6 Qf7 25. Bxg7 Kxg7 26. Qb2 Bxc4 27. bxc4 Ne5 28. Ne3 Kh7 29. Bxe4 Nxc4 30. Nxc4 Qxc4 31. Rbc1 Qxa4 32. Rxc7+ Rd7 33. Bc6 Qxc6 34. Rxc6 Nxc6 35. Qxb6 Nd4 36. Qxa5 1-0

[Event "RUS-chT 04th"]
[Site "Azov"]
[Date "1996.??.??"]
[Round "1"]
[White "Zhuravlev, Vladimir"]
[Black "Khlian, Eduard"]
[Result "0-1"]
[WhiteElo "2350"]
[BlackElo "2435"]
[PlyCount "78"]
[EventDate "1996.??.??"]
[EventType "team-tourn"]
[EventRounds "7"]
[EventCountry "RUS"]
[SourceTitle "EXT 2020"]
[Source "ChessBase"]
[SourceDate "2019.10.17"]
[SourceVersion "1"]
[SourceVersionDate "2019.10.17"]
[SourceQuality "1"]
[WhiteTeam "Cherepovets Severstal"]
[BlackTeam "Rostov on Don"]
[WhiteTeamCountry "RUS"]
[BlackTeamCountry "RUS"]

1. d4 Nf6 2. Nf3 e6 3. Bg5 h6 4. Bf4 c5 5. c3 Nc6 6. e3 Nh5 7. Bg3 Nxg3 8. hxg3 d5 9. Bd3 Qb6 10. Qc2 Bd7 11. Nbd2 Rc8 12. a3 Be7 13. g4 Rg8 14. 0-0 a5 15. Rac1 g6 16. Ne5 Nxe5 17. dxe5 Qc7 18. Nf3 b5 19. e4 Kf8 20. Qe2 Kg7 21. Rcd1 b4 22. exd5 exd5 23. Ba6 Rcd8 24. axb4 Bxg4 25. bxc5 Bxc5 26. Rfe1 Rge8 27. Bb5 Re7 28. Qd3 Bf5 29. Qf1 Be4 30. Qe2 Rb8 31. Bd3 Bxf3 32. gxf3 Qd7 33. Kg2 Qb7 34. Rd2 d4 35. Rc1 Rbe8 36. Be4 Qb6 37. cxd4 Bxd4 38. Rc6 Qa7 39. f4 Bb6 0-1

[Event "RUS-chT 03rd"]
[Site "Kazan"]
[Date "1995.??.??"]
[Round "3"]
[White "Kiselev, Sergey"]
[Black "Zhuravlev, Vladimir"]
[Result "1-0"]
[WhiteElo "2505"]
[BlackElo "2345"]
[PlyCount "117"]
[EventDate "1995.??.??"]
[EventType "team-tourn"]
[EventRounds "9"]
[EventCountry "RUS"]
[SourceTitle "EXT 2020"]
[Source "ChessBase"]
[SourceDate "2019.10.17"]
[SourceVersion "1"]
[SourceVersionDate "2019.10.17"]
[SourceQuality "1"]
[WhiteTeam "Moscow CSKA"]
[BlackTeam "Cherepovets Severstal"]
[WhiteTeamCountry "RUS"]
[BlackTeamCountry "RUS"]

1. d4 Nf6 2. c4 c5 3. d5 b5 4. cxb5 a6 5. b6 d6 6. Nc3 Nbd7 7. a4 Qxb6 8. a5 Qb4 9. Nf3 Rb8 10. Nd2 g6 11. e4 Bg7 12. Be2 0-0 13. 0-0 Ne8 14. Ra3 Nc7 15. Rb3 Qd4 16. Rxb8 Nxb8 17. Qb3 Nd7 18. Rd1 Qb4 19. Qxb4 cxb4 20. Na2 Nc5 21. Nxb4 Bd7 22. Nc4 Ba4 23. Re1 Nb3 24. Nb6 Bb5 25. Bxb5 Nxb5 26. Nc6 e6 27. Be3 Re8 28. Rd1 exd5 29. Rxd5 Nc7 30. Rd3 Nc5 31. Rxd6 Nxe4 32. Rd7 Nb5 33. b4 Nf6 34. Rd3 Ng4 35. Bd2 Bh6 36. g3 Bg7 37. Rd5 Nc7 38. Rd7 Nb5 39. Bf4 h6 40. h3 Nf6 41. Rd3 Ne4 42. Kg2 g5 43. Be3 Bc3 44. Nd5 Bb2 45. Kf3 Kg7 46. Nde7 Nbd6 47. Bd4+ Bxd4 48. Rxd4 Kf6 49. Rxe4 Nxe4 50. Kxe4 Ke6 51. Kd4 Kd6 52. Kc4 h5 53. b5 axb5+ 54. Kxb5 Kc7 55. a6 h4 56. gxh4 gxh4 57. Kc5 f6 58. Nd5+ Kc8 59. Kd6 1-0

[Event "RUS-chT 03rd"]
[Site "Kazan"]
[Date "1995.??.??"]
[Round "1"]
[White "Prokopchuk, Evgeny"]
[Black "Zhuravlev, Vladimir"]
[Result "0-1"]
[WhiteElo "2365"]
[BlackElo "2345"]
[PlyCount "63"]
[EventDate "1995.??.??"]
[EventType "team-tourn"]
[EventRounds "9"]
[EventCountry "RUS"]
[SourceTitle "EXT 2020"]
[Source "ChessBase"]
[SourceDate "2019.10.17"]
[SourceVersion "1"]
[SourceVersionDate "2019.10.17"]
[SourceQuality "1"]
[WhiteTeam "Surgut Fakel Surgutgazprom"]
[BlackTeam "Cherepovets Severstal"]
[WhiteTeamCountry "RUS"]
[BlackTeamCountry "RUS"]

1. e4 e6 2. Nf3 d5 3. Nc3 Nf6 4. e5 Nfd7 5. d4 c5 6. Ne2 cxd4 7. Nexd4 Nc6 8. Bf4 Qb6 9. Rb1 h6 10. h4 Nxd4 11. Nxd4 Nb8 12. c3 Nc6 13. Nf3 Bd7 14. Bd3 a5 15. 0-0 Be7 16. h5 a4 17. Qe2 Na7 18. b3 a3 19. c4 Nc6 20. Rbd1 Bc5 21. Nh4 Nb4 22. Bb1 dxc4 23. bxc4 0-0-0 24. Nf3 Bc6 25. Nd2 Rd7 26. Ne4 Bxe4 27. Bxe4 Rxd1 28. Rxd1 Rd8 29. Rb1 Qc7 30. Rb3 Nc6 31. Rb1 Rd4 32. Bg3 0-1

[Event "RUS-chT 03rd"]
[Site "Kazan"]
[Date "1995.??.??"]
[Round "9"]
[White "Zhuravlev, Vladimir"]
[Black "Lugovoi, Aleksei"]
[Result "0-1"]
[WhiteElo "2345"]
[BlackElo "2490"]
[PlyCount "68"]
[EventDate "1995.??.??"]
[EventType "team-tourn"]
[EventRounds "9"]
[EventCountry "RUS"]
[SourceTitle "EXT 2020"]
[Source "ChessBase"]
[SourceDate "2019.10.17"]
[SourceVersion "1"]
[SourceVersionDate "2019.10.17"]
[SourceQuality "1"]
[WhiteTeam "Cherepovets Severstal"]
[BlackTeam "Sankt Petersburg FINEK"]
[WhiteTeamCountry "RUS"]
[BlackTeamCountry "RUS"]

1. Nf3 Nf6 2. d4 e6 3. Bg5 c5 4. e3 Qb6 5. Nbd2 Be7 6. Nb3 cxd4 7. exd4 Qc7 8. Be2 b6 9. 0-0 Bb7 10. a4 a5 11. Nbd2 0-0 12. c3 Re8 13. Nc4 d6 14. Na3 Nbd7 15. Nb5 Qc6 16. Qc2 h6 17. Bh4 Bf8 18. Rfd1 Nd5 19. Bg3 f5 20. h3 N7f6 21. Qb3 f4 22. Bh2 g5 23. c4 Nb4 24. d5 exd5 25. cxd5 Qc2 26. Qxc2 Nxc2 27. Rac1 Rxe2 28. Nc3 Rae8 29. h4 g4 30. Nxe2 Rxe2 31. Nd2 g3 32. Rxc2 gxf2+ 33. Kf1 Ba6 34. Rc4 Rxd2 0-1

[Event "RUS-chT 02nd"]
[Site "Kolontaevo"]
[Date "1994.??.??"]
[Round "5"]
[White "Zhuravlev, Vladimir"]
[Black "Nikuljshin, Konstantin"]
[Result "0-1"]
[WhiteElo "2320"]
[BlackElo "2385"]
[PlyCount "68"]
[EventDate "1994.??.??"]
[EventType "team-tourn"]
[EventRounds "9"]
[EventCountry "RUS"]
[SourceTitle "EXT 2020"]
[Source "ChessBase"]
[SourceDate "2019.10.17"]
[SourceVersion "1"]
[SourceVersionDate "2019.10.17"]
[SourceQuality "1"]
[WhiteTeam "Cherepovets Severstal"]
[BlackTeam "Voronezh OShK"]
[WhiteTeamCountry "RUS"]
[BlackTeamCountry "RUS"]

1. d4 f5 2. Nc3 d5 3. Bg5 c6 4. e3 g6 5. h4 Bg7 6. Bd3 Nh6 7. Bxh6 Bxh6 8. f4 Nd7 9. Nf3 e6 10. Ne2 Qe7 11. c3 b6 12. Neg1 Bb7 13. Qe2 Bg7 14. 0-0-0 0-0-0 15. Nh3 Nf6 16. Rhg1 c5 17. Nf2 Ne4 18. g4 Kb8 19. Kb1 Rc8 20. Qe1 Rc7 21. g5 Qe8 22. Ne5 Qa4 23. Bc2 Qb5 24. Nxe4 fxe4 25. h5 cxd4 26. exd4 Bxe5 27. fxe5 Ba6 28. a4 Qe8 29. Rd2 Rf7 30. Rh2 Rhf8 31. Rhh1 Rf2 32. Bd1 Bd3+ 33. Ka2 Re2 34. Qg3 Rff2 0-1

[Event "St Petersburg qual U18"]
[Site "St Petersburg"]
[Date "1993.??.??"]
[Round "?"]
[White "Filippov, Valerij"]
[Black "Zhuravlev, Vladimir"]
[Result "0-1"]
[WhiteElo "2400"]
[BlackElo "2350"]
[PlyCount "98"]
[EventDate "1993.??.??"]
[EventType "swiss"]
[EventRounds "9"]
[EventCountry "RUS"]
[SourceTitle "EXT 1997"]
[Source "ChessBase"]
[SourceDate "1996.11.15"]
[SourceVersion "1"]
[SourceVersionDate "1996.11.15"]
[SourceQuality "1"]

1. Nf3 d5 2. c4 c6 3. d4 Nf6 4. Qb3 Qb6 5. Nc3 Bf5 6. c5 Qc7 7. Bf4 Qc8 8. e3 h6 9. Be2 Nbd7 10. Qd1 g5 11. Bg3 Bg7 12. Ne5 h5 13. h4 g4 14. b4 Rg8 15. Nxd7 Qxd7 16. Bd3 Ne4 17. Nxe4 Bxe4 18. Bxe4 dxe4 19. Qb3 e6 20. a4 Qd5 21. Qxd5 exd5 22. b5 Kd7 23. Ke2 Bf6 24. Rhb1 Bd8 25. a5 f5 26. Rb2 cxb5 27. a6 Kc6 28. axb7 Kxb7 29. Rxb5+ Kc6 30. Rb3 a5 31. Rab1 a4 32. Rb4 a3 33. R4b3 a2 34. Ra1 Rg7 35. Bb8 Rb7 36. Rxb7 Kxb7 37. Bg3 Ra3 38. f4 gxf3+ 39. gxf3 Ba5 40. fxe4 fxe4 41. Be1 Bxe1 42. Kxe1 Rxe3+ 43. Kf2 Rf3+ 44. Kg2 Ra3 45. Kf2 Kc6 46. Ke2 Kb5 47. Kd2 Kc4 48. Kc2 Kxd4 49. Kb2 Ra6 0-1